[Event "La Pobla de Lillet op 19th"]
[Site "La Pobla de Lillet"]
[Date "2009.08.??"]
[Round "7"]
[White "Mirzoev, Azer"]
[Black "Perez Campos, Adria"]
[Result "1-0"]
[WhiteElo "2559"]
[BlackElo "2215"]
[PlyCount "87"]
[EventDate "2009.08.02"]
[EventType "swiss"]
[EventRounds "9"]
[EventCountry "ESP"]
[SourceTitle "CBM 131 Extra"]
[Source "ChessBase"]
[SourceDate "2009.09.03"]
[SourceVersion "2"]
[SourceVersionDate "2009.09.16"]
[SourceQuality "1"]

1. d4 d5 2. c4 e6 3. Nc3 Be7 4. Nf3 Nf6 5. Bf4 dxc4 6. e3 a6 7. Bxc4 b5 8. Bb3 Bb7 9. 0-0 0-0 10. Qe2 c5 11. dxc5 Bxc5 12. e4 b4 13. Na4 Be7 14. Rfd1 Qa5 15. Nd2 Qb5 16. Qe1 Qh5 17. f3 Nc6 18. Nc4 e5 19. Be3 Nd4 20. Bxd4 exd4 21. Rxd4 Bc6 22. Kh1 Nd7 23. Rad1 Bh4 24. Qg1 Nf6 25. Ne3 g6 26. e5 Ne8 27. Nb6 Ra7 28. Nbd5 Bg3 29. f4 Kh8 30. Nf1 Bh4 31. Nxb4 Bb5 32. Nd5 Ng7 33. Nf6 Qh6 34. Ne4 Qh5 35. Nf6 Qh6 36. Ne3 Nf5 37. Nxf5 gxf5 38. Rd8 Ra8 39. Rxa8 Rxa8 40. Qb6 Qf8 41. Qd6 Qc8 42. Qe7 Qf8 43. Qxf8+ Rxf8 44. g3 1-0

[Event "La Pobla de Lillet op 19th"]
[Site "La Pobla de Lillet"]
[Date "2009.08.??"]
[Round "6"]
[White "Perez Campos, Adria"]
[Black "Oms Fuentes, Lluis"]
[Result "1/2-1/2"]
[WhiteElo "2215"]
[BlackElo "2351"]
[PlyCount "94"]
[EventDate "2009.08.02"]
[EventType "swiss"]
[EventRounds "9"]
[EventCountry "ESP"]
[SourceTitle "CBM 131 Extra"]
[Source "ChessBase"]
[SourceDate "2009.09.03"]
[SourceVersion "2"]
[SourceVersionDate "2009.09.16"]
[SourceQuality "1"]

1. c4 e5 2. Nc3 Nc6 3. g3 Bc5 4. Bg2 Nf6 5. e3 d5 6. Nxd5 Nxd5 7. cxd5 Nb4 8. Qb3 c6 9. a3 Nxd5 10. Qc2 Bb6 11. Nf3 Qe7 12. d3 Bg4 13. h3 Bh5 14. 0-0 Rd8 15. b4 0-0 16. Bb2 f6 17. Nd2 Bg6 18. Nc4 Rd7 19. Rfd1 Rfd8 20. Qb3 Kh8 21. Rac1 h6 22. d4 e4 23. Nxb6 axb6 24. b5 Qe6 25. Rc2 cxb5 26. Qxb5 h5 27. h4 Bf5 28. Rdc1 Kh7 29. Rc8 g5 30. hxg5 fxg5 31. Qa4 h4 32. Qa8 Qd6 33. Rxd8 Rxd8 34. Qxb7+ Rd7 35. Qc6 hxg3 36. Qxd6 Rxd6 37. Rc2 Kg6 38. Bc1 gxf2+ 39. Kxf2 g4 40. Kg3 Kg5 41. Bd2 Nf6 42. Bb4 Nh5+ 43. Kf2 g3+ 44. Kg1 Rd7 45. Rc6 Nf6 46. Be1 Nd5 47. Bd2 Rd8 1/2-1/2

[Event "Catalunya-chT Honor"]
[Site "Catalunya"]
[Date "2009.03.29"]
[Round "9"]
[White "Castellet Giralt, Gabriel"]
[Black "Perez Campos, Adria"]
[Result "0-1"]
[WhiteElo "2227"]
[BlackElo "2201"]
[PlyCount "90"]
[EventDate "2009.02.01"]
[EventType "team-tourn"]
[EventRounds "9"]
[EventCountry "ESP"]
[SourceTitle "EXT 2019"]
[Source "ChessBase"]
[SourceDate "2018.10.10"]
[SourceVersion "1"]
[SourceVersionDate "2018.10.10"]
[SourceQuality "1"]
[WhiteTeam "Cerdanyola Valles"]
[BlackTeam "Ateneu Colon"]
[WhiteTeamCountry "ESP"]
[BlackTeamCountry "ESP"]

1. e4 c5 2. Nf3 a6 3. c3 d5 4. exd5 Nf6 5. d4 Qxd5 6. Be2 e6 7. 0-0 Nc6 8. h3 Be7 9. Be3 cxd4 10. cxd4 0-0 11. Nc3 Qd8 12. Rc1 Nb4 13. Bf4 Nbd5 14. Bh2 b6 15. Ne5 Bb7 16. Qa4 b5 17. Qb3 Qb6 18. Rfd1 Rac8 19. Bf3 Rfd8 20. a4 Nxc3 21. bxc3 Bxf3 22. Nxf3 Nd5 23. axb5 Qxb5 24. Qxb5 axb5 25. Rd3 Ba3 26. Ra1 Bf8 27. Rc1 g6 28. g4 Ba3 29. Ra1 Bd6 30. Bxd6 Rxd6 31. Ra7 Rdc6 32. Rb7 Rxc3 33. Rxc3 Rxc3 34. Ng5 b4 35. Nxf7 Rc7 36. Rxc7 Nxc7 37. Ne5 Nb5 38. Kf1 Nxd4 39. Ke1 Kg7 40. Kd2 Kf6 41. Nd3 b3 42. Kc3 Ne2+ 43. Kxb3 Kg5 44. Kc2 Nf4 45. Ne5 Nxh3 0-1

[Event "Catalunya-chT Honor"]
[Site "Catalunya"]
[Date "2009.03.15"]
[Round "7"]
[White "Perez Campos, Adria"]
[Black "Rahal, Michael"]
[Result "0-1"]
[WhiteElo "2201"]
[BlackElo "2372"]
[PlyCount "82"]
[EventDate "2009.02.01"]
[EventType "team-tourn"]
[EventRounds "9"]
[EventCountry "ESP"]
[SourceTitle "EXT 2019"]
[Source "ChessBase"]
[SourceDate "2018.10.10"]
[SourceVersion "1"]
[SourceVersionDate "2018.10.10"]
[SourceQuality "1"]
[WhiteTeam "Ateneu Colon"]
[BlackTeam "Colon Sabadell"]
[WhiteTeamCountry "ESP"]
[BlackTeamCountry "ESP"]

1. c4 b6 2. Nc3 Bb7 3. e4 e5 4. Nf3 Nc6 5. d4 exd4 6. Nxd4 Bb4 7. Be2 Nxd4 8. Qxd4 Qf6 9. Be3 Bxc3+ 10. bxc3 Qxd4 11. Bxd4 f6 12. f3 d6 13. g4 h6 14. h4 Ne7 15. Kd2 Kf7 16. g5 hxg5 17. hxg5 c5 18. Be3 f5 19. Rhf1 Rh4 20. a4 f4 21. Bf2 Rh2 22. Kc2 Nc6 23. Rad1 Ke6 24. Rd2 Ne5 25. a5 Ba6 26. Bg1 Rxe2 27. Rxe2 Bxc4 28. Ref2 Bd3+ 29. Kd2 Bxf1 30. Rxf1 Nc4+ 31. Kd3 Nxa5 32. Bh2 Ke5 33. Rg1 Rh8 34. Rg2 g6 35. Bg1 Rh3 36. Ke2 Nc4 37. Bf2 b5 38. Rg1 a5 39. Rb1 b4 40. Be1 Ke6 41. cxb4 axb4 0-1

[Event "Catalunya-chT Honor"]
[Site "Catalunya"]
[Date "2009.02.22"]
[Round "4"]
[White "Armengol Comas, Joaquim"]
[Black "Perez Campos, Adria"]
[Result "1-0"]
[WhiteElo "2228"]
[BlackElo "2201"]
[PlyCount "113"]
[EventDate "2009.02.01"]
[EventType "team-tourn"]
[EventRounds "9"]
[EventCountry "ESP"]
[SourceTitle "EXT 2019"]
[Source "ChessBase"]
[SourceDate "2018.10.10"]
[SourceVersion "1"]
[SourceVersionDate "2018.10.10"]
[SourceQuality "1"]
[WhiteTeam "Terrassa"]
[BlackTeam "Ateneu Colon"]
[WhiteTeamCountry "ESP"]
[BlackTeamCountry "ESP"]

1. e4 c5 2. Nf3 d6 3. d4 cxd4 4. Nxd4 Nf6 5. Nc3 a6 6. Be2 e5 7. Nb3 Be7 8. 0-0 Be6 9. f4 b5 10. f5 Bc4 11. Bxc4 bxc4 12. Nd2 d5 13. exd5 Nxd5 14. Qf3 Nxc3 15. Qxc3 0-0 16. Nxc4 Nd7 17. Be3 Rc8 18. Rad1 Qc7 19. b3 Rfe8 20. Qa5 Qxa5 21. Nxa5 Nf6 22. Nc4 Ng4 23. Bb6 Rc6 24. Rd5 Bg5 25. h3 Rxb6 26. hxg4 Rh6 27. Re1 e4 28. g3 e3 29. Kg2 Rc6 30. Rd6 Rc5 31. Rxa6 h5 32. gxh5 e2 33. Rd6 Rxf5 34. Rd3 Re6 35. Rf3 Rd5 36. Rf2 Bf6 37. Rfxe2 Ra6 38. a4 Rxh5 39. Re8+ Kh7 40. Rh1 Rxh1 41. Kxh1 Bd4 42. Kg2 Rf6 43. Re2 Bc3 44. Re3 Bd4 45. Rf3 Re6 46. c3 Bf6 47. Kf1 Kg6 48. a5 Kg5 49. Nd2 Kg4 50. Rd3 Be5 51. Ne4 f5 52. Nf2+ Kg5 53. Re3 Kf6 54. Nd3 Bxc3 55. Rxe6+ Kxe6 56. Nc5+ Kd6 57. a6 1-0

[Event "ESP-ch Universities"]
[Site "Madrid"]
[Date "2008.05.11"]
[Round "9"]
[White "Deruelle Sala, Albert"]
[Black "Perez Campos, Adria"]
[Result "0-1"]
[WhiteElo "2103"]
[BlackElo "2229"]
[PlyCount "112"]
[EventDate "2008.05.08"]
[EventType "swiss"]
[EventRounds "9"]
[EventCountry "ESP"]
[SourceTitle "CBM 124 Extra"]
[Source "ChessBase"]
[SourceDate "2008.07.03"]
[SourceVersion "1"]
[SourceVersionDate "2008.07.03"]
[SourceQuality "1"]

1. e4 c6 2. d4 d5 3. e5 Bf5 4. Nf3 e6 5. Be2 c5 6. c3 Nc6 7. 0-0 c4 8. b3 b5 9. bxc4 bxc4 10. Qa4 Qd7 11. Bd1 Be7 12. Ba3 Rb8 13. Bxe7 Ngxe7 14. Na3 Rb2 15. Nb5 0-0 16. Nd6 Bd3 17. Re1 h6 18. Rc1 Rfb8 19. Qa3 Qc7 20. Bb3 Re2 21. Rxe2 Bxe2 22. Bc2 Qb6 23. Re1 Bxf3 24. gxf3 Qb2 25. Qxb2 Rxb2 26. Bb1 a6 27. h4 h5 28. Kg2 Na7 29. Kg3 Nb5 30. Nxb5 axb5 31. Rc1 Nc6 32. Rd1 b4 33. cxb4 c3 34. b5 Nxd4 35. a4 c2 36. Bxc2 Nxc2 37. Rd2 d4 38. b6 d3 39. a5 Kh7 40. Rxd3 Nb4 41. Rd7 Kg6 42. Ra7 Nc6 43. Ra8 Rb5 44. f4 Nxa5 45. Ra7 Nc6 46. Rb7 Nb4 47. Rb8 Nd5 48. b7 Kf5 49. Rh8 Rxb7 50. Rxh5+ Ke4 51. f3+ Ke3 52. f5 Nf4 53. Rg5 Rb2 54. h5 exf5 55. Rxf5 Rg2+ 56. Kh4 Kxf3 0-1

[Event "ESP-ch Universities"]
[Site "Madrid"]
[Date "2008.05.09"]
[Round "6"]
[White "Perez Campos, Adria"]
[Black "Gallardo Estrella, Alvaro"]
[Result "1-0"]
[WhiteElo "2229"]
[BlackElo "2042"]
[PlyCount "60"]
[EventDate "2008.05.08"]
[EventType "swiss"]
[EventRounds "9"]
[EventCountry "ESP"]
[SourceTitle "CBM 124 Extra"]
[Source "ChessBase"]
[SourceDate "2008.07.03"]
[SourceVersion "1"]
[SourceVersionDate "2008.07.03"]
[SourceQuality "1"]

1. c4 e5 2. Nc3 f5 3. g3 Nf6 4. Bg2 Bc5 5. e3 d6 6. d4 exd4 7. exd4 Qe7+ 8. Nge2 Bb6 9. 0-0 0-0 10. Bg5 c6 11. Re1 h6 12. Bxf6 Qxf6 13. a4 g5 14. a5 Bc7 15. f4 g4 16. d5 c5 17. Nb5 Bd8 18. b4 Na6 19. bxc5 Nxc5 20. Ned4 Bd7 21. Ne6 Nxe6 22. dxe6 Bxb5 23. cxb5 Qe7 24. Qd5 Rb8 25. Red1 Bc7 26. Bf1 Rbe8 27. Bd3 Qf6 28. Qxb7 Qd4+ 29. Kh1 Bd8 30. Bxf5 Qc5 1-0

[Event "ESP-ch Universities"]
[Site "Madrid"]
[Date "2008.05.08"]
[Round "2"]
[White "Perez Campos, Adria"]
[Black "Pina Sierra, Julia"]
[Result "1/2-1/2"]
[WhiteElo "2229"]
[BlackElo "2101"]
[PlyCount "120"]
[EventDate "2008.05.08"]
[EventType "swiss"]
[EventRounds "9"]
[EventCountry "ESP"]
[SourceTitle "CBM 124 Extra"]
[Source "ChessBase"]
[SourceDate "2008.07.03"]
[SourceVersion "1"]
[SourceVersionDate "2008.07.03"]
[SourceQuality "1"]

1. c4 Nf6 2. Nc3 c5 3. g3 Nc6 4. Bg2 g6 5. a3 a5 6. Nf3 Bg7 7. 0-0 0-0 8. d4 d5 9. dxc5 dxc4 10. Qa4 Be6 11. Ng5 Qc8 12. Qb5 Bd7 13. Qxc4 Ne5 14. Qb3 Qxc5 15. Na4 Bxa4 16. Qxa4 b5 17. Qf4 Nd5 18. Qh4 h5 19. h3 Ra6 20. g4 Nf6 21. Ne4 Nxe4 22. Bxe4 Bf6 23. Qg3 h4 24. Qg2 Nc4 25. Rb1 Re6 26. Bd3 Ne5 27. Be3 Qd6 28. Bxb5 Qb8 29. a4 Rd8 30. b4 axb4 31. g5 Bg7 32. Rxb4 Nc6 33. Rxh4 Nd4 34. Bxd4 Bxd4 35. Qf3 Re5 36. e3 Rxg5+ 37. Rg4 Rxg4+ 38. Qxg4 Bf6 39. h4 Kg7 40. Kg2 Rh8 41. Rh1 Rh5 42. Be2 Qe5 43. Qg3 Qxg3+ 44. fxg3 Re5 45. Kf3 Rf5+ 46. Ke4 Rf2 47. Kd3 Rf5 48. Rf1 Ra5 49. Bd1 Be5 50. g4 Rc5 51. h5 f6 52. Be2 Ra5 53. Bd1 Rc5 54. Bc2 gxh5 55. gxh5 Kh6 56. Bd1 e6 57. Rg1 Rc3+ 58. Kd2 Ra3 59. Rg6+ Kh7 60. Bc2 Kh8 1/2-1/2

[Event "ESP-ch Universities"]
[Site "Madrid"]
[Date "2008.05.08"]
[Round "1"]
[White "Rodriguez Falcon, Jesus Manuel"]
[Black "Perez Campos, Adria"]
[Result "0-1"]
[WhiteElo "1981"]
[BlackElo "2229"]
[PlyCount "124"]
[EventDate "2008.05.08"]
[EventType "swiss"]
[EventRounds "9"]
[EventCountry "ESP"]
[SourceTitle "CBM 124 Extra"]
[Source "ChessBase"]
[SourceDate "2008.07.03"]
[SourceVersion "1"]
[SourceVersionDate "2008.07.03"]
[SourceQuality "1"]

1. e4 c5 2. d3 Nc6 3. Nf3 g6 4. g3 Bg7 5. Bg2 d6 6. 0-0 e6 7. Nbd2 Nge7 8. Re1 0-0 9. c3 Rb8 10. a4 a6 11. Nf1 b5 12. axb5 axb5 13. d4 b4 14. Bf4 cxd4 15. cxd4 e5 16. Be3 Bg4 17. d5 Nd4 18. Bxd4 exd4 19. Qd3 Qb6 20. Ra6 Qc5 21. N1d2 Bd7 22. Nb3 Qb5 23. Qxb5 Bxb5 24. Rxd6 Nc8 25. Rc6 Bxc6 26. dxc6 d3 27. Nc5 Bxb2 28. Nd7 Ne7 29. Nxf8 Kxf8 30. Bf1 Bc3 31. c7 Rc8 32. Rd1 Rxc7 33. Bxd3 b3 34. Kf1 Nc6 35. Ke2 Nb4 36. Bb1 Ke7 37. Nd4 b2 38. Nb5 Rc5 39. Nxc3 Rxc3 40. Rd2 Rb3 41. f4 Na6 42. Rd5 Nc7 43. Rd3 Rb4 44. Ke3 Ne6 45. Rd5 h5 46. Kd3 Rb3+ 47. Kc2 Rb5 48. Kc3 Rb6 49. Rd2 Nc5 50. Kc4 Na4 51. Rd3 Rb8 52. Ra3 Rc8+ 53. Kb3 Rc1 54. Ka2 Nc5 55. Kxb2 Rh1 56. h4 Rh2+ 57. Kc3 Rg2 58. Kc4 Ne6 59. e5 Rb2 60. Be4 Rd2 61. Ra7+ Kd8 62. Bd5 Rd4+ 0-1

[Event "Catalunya-ch U20"]
[Site "Catalunya"]
[Date "2008.03.22"]
[Round "6"]
[White "Perez Campos, Adria"]
[Black "Khaidorov, Viacheslav"]
[Result "1-0"]
[WhiteElo "2229"]
[BlackElo "2154"]
[PlyCount "61"]
[EventDate "2008.03.19"]
[EventType "swiss"]
[EventRounds "9"]
[EventCountry "ESP"]
[SourceTitle "EXT 2010"]
[Source "ChessBase"]
[SourceDate "2010.11.25"]
[SourceVersion "1"]
[SourceVersionDate "2010.11.25"]
[SourceQuality "1"]

1. c4 e5 2. Nc3 d6 3. g3 f5 4. Bg2 Nf6 5. e3 c6 6. d4 e4 7. d5 c5 8. f3 exf3 9. Nxf3 g6 10. 0-0 Na6 11. e4 Bg7 12. e5 dxe5 13. Nxe5 Nc7 14. Nd3 Nd7 15. Re1+ Kf7 16. Bf4 Re8 17. Qd2 a6 18. Rxe8 Nxe8 19. Re1 Bd4+ 20. Kh1 Ndf6 21. Ne2 Ne4 22. Bxe4 fxe4 23. Nxd4 exd3 24. Nf3 Bf5 25. g4 Bd7 26. Bg5 Qc7 27. Re7+ Kg8 28. Ne5 Rd8 29. Nf7 Nd6 30. Nh6+ Kh8 31. Bf6# 1-0

[Event "Benasque op 27th"]
[Site "Benasque"]
[Date "2007.07.06"]
[Round "2"]
[White "Pantsulaia, Levan"]
[Black "Perez Campos, Adria"]
[Result "1-0"]
[WhiteElo "2611"]
[BlackElo "2232"]
[PlyCount "59"]
[EventDate "2007.07.05"]
[EventType "swiss"]
[EventRounds "9"]
[EventCountry "ESP"]
[SourceTitle "CBM 119 Extra"]
[Source "ChessBase"]
[SourceDate "2007.09.04"]
[SourceVersion "1"]
[SourceVersionDate "2007.09.04"]
[SourceQuality "1"]

1. Nf3 c5 2. c4 Nf6 3. Nc3 d5 4. cxd5 Nxd5 5. g3 Nc6 6. Bg2 Nc7 7. 0-0 e5 8. d3 Be7 9. Be3 0-0 10. Rc1 Rb8 11. a3 b6 12. b4 cxb4 13. axb4 Bxb4 14. Na2 Bc5 15. Bxc5 bxc5 16. Rxc5 Qd6 17. Qc1 Bb7 18. Rc4 Ne6 19. Qe3 Rfe8 20. Nc3 Ned4 21. Ne4 Qd8 22. Nc5 Bc8 23. Nxd4 Nxd4 24. Qd2 Be6 25. Nxe6 Rxe6 26. e3 Nb5 27. Rfc1 Rd6 28. Bh3 Rxd3 29. Qe2 Rd2 30. Qe1 1-0

[Event "San Agustin op 11th"]
[Site "Aviles"]
[Date "2006.08.06"]
[Round "2"]
[White "Perez Campos, Adria"]
[Black "Huerga Leache, Mikel"]
[Result "0-1"]
[WhiteElo "2084"]
[BlackElo "2310"]
[PlyCount "52"]
[EventDate "2006.08.05"]
[EventType "swiss"]
[EventRounds "9"]
[EventCountry "ESP"]
[SourceTitle "CBM 113 Extra"]
[Source "ChessBase"]
[SourceDate "2006.09.14"]
[SourceVersion "1"]
[SourceVersionDate "2006.09.14"]
[SourceQuality "1"]

1. c4 Nf6 2. Nc3 c5 3. e4 Nc6 4. g3 d6 5. Bg2 Nd4 6. d3 g6 7. Be3 e5 8. h3 Bd7 9. Nge2 b5 10. Bxd4 cxd4 11. Nxb5 Qb6 12. 0-0 Bxb5 13. cxb5 Be7 14. a4 0-0 15. Rc1 a6 16. Rc6 Qb7 17. Qc2 axb5 18. Nxd4 bxa4 19. Rc7 Qb6 20. Nf5 gxf5 21. Rxe7 Rfc8 22. Qd2 Kf8 23. Rb7 Qxb7 24. Qh6+ Ke7 25. f4 Qxb2 26. fxe5 dxe5 0-1

[Event "ESP-ch U18"]
[Site "Banos de Montemayor"]
[Date "2006.07.10"]
[Round "4"]
[White "Perez Campos, Adria"]
[Black "Vallejo Diaz, Javier"]
[Result "1-0"]
[WhiteElo "2084"]
[BlackElo "2230"]
[PlyCount "63"]
[EventDate "2006.07.08"]
[EventType "swiss"]
[EventRounds "9"]
[EventCountry "ESP"]
[SourceTitle "EXT 2007"]
[Source "ChessBase"]
[SourceDate "2006.11.23"]
[SourceVersion "1"]
[SourceVersionDate "2006.11.23"]
[SourceQuality "1"]

1. c4 e5 2. Nc3 Nc6 3. g3 f5 4. e3 Nf6 5. d4 d6 6. Bg2 g6 7. Nge2 Bg7 8. a3 a5 9. Rb1 0-0 10. d5 Ne7 11. b4 axb4 12. axb4 h6 13. 0-0 g5 14. f4 Ng6 15. Qb3 Qe7 16. c5 exf4 17. exf4 Ng4 18. Kh1 Ne3 19. Bxe3 Qxe3 20. Rf3 Qe7 21. Re1 Kh7 22. cxd6 cxd6 23. Rff1 Qf6 24. Nb5 Rf7 25. fxg5 hxg5 26. Nbd4 Ne5 27. Ne6 Bd7 28. N2d4 Qg6 29. Qb1 Re8 30. Rxf5 Rxf5 31. Be4 Ref8 32. Nxf8+ 1-0

[Event "ESP-ch U18"]
[Site "Banos de Montemayor"]
[Date "2006.07.09"]
[Round "3"]
[White "Pena Gomez, Manuel"]
[Black "Perez Campos, Adria"]
[Result "1/2-1/2"]
[WhiteElo "2337"]
[BlackElo "2084"]
[PlyCount "72"]
[EventDate "2006.07.08"]
[EventType "swiss"]
[EventRounds "9"]
[EventCountry "ESP"]
[SourceTitle "EXT 2007"]
[Source "ChessBase"]
[SourceDate "2006.11.23"]
[SourceVersion "1"]
[SourceVersionDate "2006.11.23"]
[SourceQuality "1"]

1. e4 c5 2. Nf3 d6 3. d4 cxd4 4. Nxd4 Nf6 5. Nc3 a6 6. Be2 e6 7. 0-0 Be7 8. a4 0-0 9. Be3 Nc6 10. f4 Bd7 11. Kh1 Rc8 12. Nb3 Na5 13. e5 Ne8 14. exd6 Nxd6 15. Nd4 Nac4 16. Bc1 Bf6 17. Bxc4 Nxc4 18. Ne4 Bc6 19. Nxc6 Rxc6 20. Nxf6+ Qxf6 21. Ra2 Rd8 22. Qe2 Nd6 23. b3 Nf5 24. c4 Qc3 25. Rb2 Rcd6 26. g4 Nd4 27. Qe3 Qxe3 28. Bxe3 f5 29. h3 Nc6 30. b4 Rd3 31. Re1 Kf7 32. Kg2 Nd4 33. Kf2 g5 34. gxf5 gxf4 35. Bxd4 R8xd4 36. Rxe6 Rxh3 1/2-1/2

[Event "Garcia Ilundain Memorial U20"]
[Site "Catalunya"]
[Date "2006.??.??"]
[Round "?"]
[White "Munoz Munoz, Teresa"]
[Black "Perez Campos, Adria"]
[Result "0-1"]
[WhiteElo "1873"]
[BlackElo "2132"]
[PlyCount "65"]
[EventDate "2006.??.??"]
[EventType "swiss"]
[EventRounds "9"]
[EventCountry "ESP"]
[SourceTitle "EXT 2022"]
[Source "ChessBase"]
[SourceDate "2021.10.06"]
[SourceVersion "1"]
[SourceVersionDate "2021.10.06"]
[SourceQuality "1"]

1. c4 c5 2. g3 Nf6 3. Bg2 d5 4. cxd5 Nxd5 5. Nc3 Nc7 6. Nf3 Nc6 7. d3 e5 8. b3 Be7 9. 0-0 0-0 10. Bb2 f6 11. Qc2 Be6 12. h3 Rc8 13. Nd2 Qd7 14. Kh2 b6 15. Nce4 Nd5 16. a3 f5 17. Nc3 Nd4 18. Qd1 f4 19. Nxd5 Bxd5 20. Nc4 Bxg2 21. Kxg2 Qd5+ 22. Kh2 b5 23. Nd2 Rcd8 24. Bxd4 Qxd4 25. Qc2 fxg3+ 26. Kxg3 Bh4+ 27. Kg2 Rxf2+ 28. Kh1 Qe3 29. Nf3 Rxe2 30. Qd1 Rxd3 31. Qc1 e4 32. Qxe3 Rexe3 33. Ng1 0-1

[Event "Garcia Ilundain Memorial U20"]
[Site "Catalunya"]
[Date "2006.??.??"]
[Round "?"]
[White "Oms Fuentes, Lluis"]
[Black "Perez Campos, Adria"]
[Result "1-0"]
[WhiteElo "2327"]
[BlackElo "2132"]
[PlyCount "87"]
[EventDate "2006.??.??"]
[EventType "swiss"]
[EventRounds "9"]
[EventCountry "ESP"]
[SourceTitle "EXT 2022"]
[Source "ChessBase"]
[SourceDate "2021.10.06"]
[SourceVersion "1"]
[SourceVersionDate "2021.10.06"]
[SourceQuality "1"]

1. e4 c5 2. Nf3 d6 3. d4 cxd4 4. Nxd4 Nf6 5. Nc3 a6 6. Bg5 e6 7. f4 Qc7 8. Qf3 Nbd7 9. 0-0-0 b5 10. Bd3 Bb7 11. Rhe1 0-0-0 12. a3 Be7 13. Qg3 h6 14. Bxf6 Bxf6 15. Bxb5 axb5 16. Ndxb5 Qb6 17. Nxd6+ Kb8 18. e5 Be7 19. Nxf7 Rhf8 20. Nxd8 Rxd8 21. Qxg7 Bf8 22. Qg6 Qc6 23. Rd3 Ba6 24. Rf3 Rc8 25. Qe4 Qc7 26. Na4 Bb7 27. Rb3 Ka8 28. Qd3 Qc6 29. Rd1 Rc7 30. Nc3 Be7 31. Nb5 Rc8 32. Rc3 Nc5 33. Qc4 Ba6 34. a4 Qxg2 35. Kb1 Qb7 36. Qb4 Rc6 37. Qa5 Ne4 38. Rxc6 Qxc6 39. Qxa6+ Qxa6 40. Nc7+ Kb7 41. Rd7 Bc5 42. f5 Nf6 43. Rf7 Nd5 44. Nxd5+ 1-0

[Event "Garcia Ilundain Memorial U20"]
[Site "Catalunya"]
[Date "2006.??.??"]
[Round "?"]
[White "Visa Jordana, Joel"]
[Black "Perez Campos, Adria"]
[Result "0-1"]
[WhiteElo "1982"]
[BlackElo "2132"]
[PlyCount "86"]
[EventDate "2006.??.??"]
[EventType "swiss"]
[EventRounds "9"]
[EventCountry "ESP"]
[SourceTitle "EXT 2022"]
[Source "ChessBase"]
[SourceDate "2021.10.06"]
[SourceVersion "1"]
[SourceVersionDate "2021.10.06"]
[SourceQuality "1"]

1. d4 d5 2. c4 e6 3. Nc3 Be7 4. cxd5 exd5 5. f3 Nf6 6. Bg5 0-0 7. e3 b6 8. Bd3 Bb7 9. Nge2 c5 10. 0-0 Nc6 11. Rc1 h6 12. Bh4 Rc8 13. Bf2 Re8 14. Re1 a6 15. a4 Qd7 16. Ng3 g6 17. Qd2 Bf8 18. Bb1 Bg7 19. dxc5 bxc5 20. Ba2 Nb4 21. Rcd1 Nxa2 22. Nxa2 Qxa4 23. b3 Qd7 24. Nc3 h5 25. Na4 Qb5 26. Nc3 Qb4 27. Na4 Qxd2 28. Rxd2 Nd7 29. Rc2 Bf8 30. Ne2 Bc6 31. Rd1 Rb8 32. Nc1 Rec8 33. Bg3 Rb4 34. Nc3 Nb6 35. N3a2 Rb5 36. Be1 Bh6 37. Kf2 c4 38. bxc4 Nxc4 39. e4 Ne3 40. Rdd2 Nxc2 41. Rxc2 dxe4 42. fxe4 Bb7 43. Rxc8+ Bxc8 0-1

[Event "ESP-ch U16"]
[Site "Mondariz"]
[Date "2005.07.15"]
[Round "8"]
[White "Perez Campos, Adria"]
[Black "Ladron de Guevara Pinto, Miguel"]
[Result "0-1"]
[WhiteElo "2071"]
[BlackElo "2145"]
[PlyCount "66"]
[EventDate "2005.07.11"]
[EventType "swiss"]
[EventRounds "8"]
[EventCountry "ESP"]
[SourceTitle "CBM 107 Extra"]
[Source "ChessBase"]
[SourceDate "2005.09.01"]
[SourceVersion "1"]
[SourceVersionDate "2005.09.01"]
[SourceQuality "1"]

1. c4 e6 2. Nc3 c5 3. Nf3 Nc6 4. d4 cxd4 5. Nxd4 Nf6 6. e4 Be7 7. Be3 d6 8. f3 Qc7 9. Be2 a6 10. Qd2 b6 11. 0-0 Bb7 12. Rac1 0-0 13. Rfd1 Rac8 14. a3 Qb8 15. b4 Ne5 16. Na4 Bd8 17. c5 b5 18. Nb6 Bxb6 19. cxb6 d5 20. Bf4 Nh5 21. g3 Nxf4 22. gxf4 Nc4 23. Bxc4 Rxc4 24. Rxc4 dxc4 25. e5 Bd5 26. Kh1 Rd8 27. Qg2 Qxb6 28. f5 g6 29. f6 Bc6 30. Qg4 h5 31. Qf4 Kh7 32. Kg2 c3 33. Rd3 c2 0-1

[Event "ESP-ch U14"]
[Site "Mondariz"]
[Date "2003.06.27"]
[Round "5"]
[White "Moreno Martinez, Laura"]
[Black "Perez Campos, Adria"]
[Result "0-1"]
[WhiteElo "1867"]
[BlackElo "2030"]
[PlyCount "52"]
[EventDate "2003.06.26"]
[EventType "swiss"]
[EventRounds "8"]
[EventCountry "ESP"]
[SourceTitle "EXT 2004"]
[Source "ChessBase"]
[SourceDate "2003.11.25"]
[SourceVersion "1"]
[SourceVersionDate "2003.11.25"]
[SourceQuality "1"]

1. e4 c5 2. Nf3 d6 3. d4 cxd4 4. Nxd4 Nf6 5. Nc3 a6 6. Bc4 e6 7. Bb3 Be7 8. 0-0 Nbd7 9. Kh1 0-0 10. f4 Qc7 11. Qf3 Nc5 12. Bd2 Rb8 13. Rae1 b5 14. Qg3 b4 15. Nd1 Ncxe4 16. Qd3 d5 17. f5 Bd6 18. Ne2 Bxh2 19. Bf4 Bxf4 20. Rxf4 Nh5 21. Rf3 Nhf6 22. Rf4 Ra8 23. Ref1 a5 24. c3 Ba6 25. Qe3 Bxe2 26. Qxe2 Ng3+ 0-1